| 000 | 00951cam a22003013a 4500 | ||
|---|---|---|---|
| 001 | 16383944 | ||
| 003 | ARRUPE | ||
| 005 | 20160916090504.0 | ||
| 008 | 000131s1999 xxu 000 1 eng | ||
| 010 | _a 00514446 | ||
| 020 | _a0451527445 | ||
| 035 | _a(DLC) 00514446 | ||
| 040 |
_aDLC _cDLC _dDLC |
||
| 050 | 0 | 0 | _aCPB Box no. 1633 vol. 18 |
| 245 | 0 | 4 |
_aThe haves and have-nots / _cedited by Barbara H. Solomon. |
| 260 |
_aNew York, N.Y. : _bNew American Library, _cc1999. |
||
| 300 | _a480 p. | ||
| 500 | _a"A Signet book." | ||
| 500 | _a"30 stories about money and class in America." | ||
| 650 |
_aEquality _913418 |
||
| 650 |
_aPoverty _95312 |
||
| 650 |
_aPower (social sciences) _911462 |
||
| 650 |
_aSocial status _925595 |
||
| 700 | 1 |
_aSolomon, Barbara. _925596 |
|
| 710 | 2 |
_aCopyright Paperback Collection (Library of Congress) _5DLC _920469 |
|
| 906 |
_a7 _bcbc _corignew _d2 _encip _f20 _gy-genrareb |
||
| 942 |
_2lcc _cMONOGRAPH |
||
| 999 |
_c125182 _d125182 |
||